000 04232nam a2200481 a 4500
005 20091212134217.0
008 060711r20081994mnua j 000 1 eng
010 _aB-387443-459
020 _a9788128620096
_c90.00
035 _aB-387443-459
037 _bBlueberry Books
040 _adpl
_bEnglish
082 _a363.123
100 _aStewart, James
245 _aShipwrecks /
_cby James Stewart ;illustrated by Hemant Arya, Manish Prasad [and] Amir Khan
260 _bEuro Books
_c2008
_aMumbai
270 _aDani Corporate Park, 158, Vidyanagri Marg, Kalina, Santacruz
_bMumbai
_e400098
300 _a32p.
_c26cm(pbk)
_bcol. ill
490 _aAmazing history; edited by Jean Coppendale
500 _aIncludes glossary and index
700 _aHemant Arya
700 _aManish Prasad
700 _aAmir Khan
942 _2ddc
_cCH
_mSTE
_h363.123
999 _c32651
_d32651